Città che Iniziano con C - Top 10 - Statistics

Statistiche generali
  • Questo quiz è stato fatto 73 volte
  • Il punteggio medio è 3 su 10
Statistiche sulle risposte
Stato Città Popolazione % Corretto
🇻🇪 Caracas 3.000.000
74%
🇺🇸 Chicago 2.720.546
69%
🇲🇦 Casablanca 3.144.909
48%
🇿🇦 Città del Capo 3.433.441
47%
🇨🇳 Chongqing 7.457.600
16%
🇮🇳 Chennai 4.328.063
15%
🇨🇳 Chengdu 7.415.590
13%
🇨🇳 Changsha 3.093.980
6%
🇧🇩 Chittagong 3.920.222
6%
🇨🇳 Changchun 4.193.073
2%
Nessun quiz corrispondente trovato
Distribuzione punteggi
Percentuale di utenti per punteggio
Percentile per numero di risposta
I tuoi punteggi nel tempo
Non hai fatto questo quiz